• 首页
  • 本馆介绍
  • 公告通知
  • 最新文献
  • 馆藏检索
  • 电子资源
  • 读者导购
  • 参考咨询
  • 我的图书馆
  • 登录
  • 详细信息显示
  • 放入我的书架
  • 预约/预借图书
  • 作者相关作品
  • 分类相关作品
  • 丛书相关作品
  • 出版社相关作品

书目信息

  • 表格格式
  • 工作单格式
  • 卡片格式
题名:
化学与社会发展
    
 
作者: 杨宏秀 , 谷云骊 , 傅希贤 , 宋宽秀 编著
分册:  
出版信息: 北京   化学工业出版社  2002
页数: 218页
开本: 19cm
丛书名:
单 册:
中图分类: O6-05
科图分类:
主题词: 化学--高等学校
电子资源:
ISBN: 7-5025-3905-0
000 00727nam0 2200241 45
001 0404071650
005 20040407161833.0
010    @a7-5025-3905-0@dCNY15.00
100    @a20040407d2002 km y0chiy0120 ea
101 0  @achi
105    @aa z 000yy
200 1  @a化学与社会发展@AHua Xue Yu She Hui Fa Zhan@f杨宏秀,谷云骊,傅希贤,宋宽秀编著@FYang Hong Xiu,Gu Yun Li,Fu Xi Xian,Song Kuan Xiu Bian Zhu
210    @a北京@c化学工业出版社@d2002
215    @a218页@d19cm
300    @a高等学校教材
606 0  @a化学@x高等学校
690    @aO6-05@v4
701  0 @a杨宏秀@4编著
701  0 @a谷云骊@4编著
701  0 @a傅希贤@4编著
701  0 @a宋宽秀@4编著
801    @aCN@bTSTC@c20040407
905    @b331100-102@dO6-05@e272@f3
    
    化学与社会发展/杨宏秀,谷云骊,傅希贤,宋宽秀编著.-北京:化学工业出版社,2002
    218页;19cm
    高等学校教材
    
    ISBN 7-5025-3905-0:CNY15.00
    
●
相关链接 在E读中查询图书 在五车中查询图书 在当当中查询图书 在豆瓣中查询图书


正题名:化学与社会发展     索取号:O6-05/272         预约/预借

序号 登录号 条形码 馆藏地/架位号 状态 备注
1 0331100   203311004   第三借阅区/ [索取号:O6-05/272] 在馆    
2 0331101   203311013   第三借阅区/ [索取号:O6-05/272] 在馆    
3 0331102   203311022   第二样本阅览室/ [索取号:O6-05/272] 在馆    
唐山师范学院图书馆 欢迎您!
大连网信软件有限公司© 版权所有